Normal view
MARC view
- Tawil , Sherif El
Entry Personal Name
001 - CONTROL NUMBER
- control field: 133453
003 - CONTROL NUMBER IDENTIFIER
- control field: NUST
005 - DATE AND TIME OF LATEST TRANSACTION
- control field: 20260225104747.0
008 - FIXED-LENGTH DATA ELEMENTS
- fixed length control field: 260225|| aca||aabn | a|a d
040 ## - CATALOGING SOURCE
- Original cataloging agency: NUST
- Transcribing agency: NUST
100 ## - HEADING--PERSONAL NAME
- Personal name: Tawil , Sherif El
670 ## - SOURCE DATA FOUND
- Source citation: Work cat.: (NUST): Tawil , Sherif El., Recommendations for Seismic Design of Hybrid Coupled Wall Systems /, 2010.
